25 Biggest Slovakian Cities (Updated) Quiz - Statistics

General Stats
  • This quiz has been taken 16 times
  • The average score is 15 of 25
Answer Stats
Rank Answer Population in 2019 % Correct
1. Bratislava 437,725
100%
2. Košice 238,593
100%
7. Trnava 65,033
93%
4. Žilina 80,727
93%
3. Prešov 88,464
87%
8. Trenčín 55,383
87%
5. Banská Bystrica 78,084
80%
6. Nitra 76,533
80%
10. Poprad 51,235
80%
12. Zvolen 42,167
67%
17. Komárno 33,751
60%
9. Martin 54,168
60%
14. Michalovce 38,776
60%
19. Levice 32,735
53%
21. Liptovský Mikuláš 31,000
47%
23. Piešťany 27,336
47%
11. Prievidza 45,634
47%
16. Spišská Nová Ves 37,007
47%
20. Bardejov 32,293
40%
22. Lučenec 27,739
40%
15. Nové Zámky 37,512
40%
18. Humenné 32,834
33%
24. Ružomberok 26,558
33%
13. Považská Bystrica 39,271
27%
25. Topoľčany 24,785
27%
No matching quizzes found
Score Distribution
Percent of People with Each Score
Percentile by Number Answered
Your Score History
You have not taken this quiz